000 00408nam a2200145Ia 4500
008 150201s2011 xx 000 0 und d
082 _a616.994
_bE11M
100 _aMENON, HARI
245 _aEVIDENCE BASED MANAGEMENT OF CANCERS IN INDIA : GUIDELINES FOR ACUTE LEUKEMIAS PART-A
250 _a1ST
260 _bTATA MEMORIAL HOSPITAL
_aMUMBAI
_c2011
300 _a1-238
650 _aCANCER
942 _2ddc
_cBK
999 _c1729
_d1729